[Event "Benidorm op U2000 11th"]
[Site "Benidorm"]
[Date "2012.12.06"]
[Round "7"]
[White "Sumin, Vladyslav"]
[Black "Kaufmann Vazquez, David"]
[Result "1-0"]
[WhiteElo "1983"]
[BlackElo "1934"]
[PlyCount "77"]
[EventDate "2012.11.30"]
[EventType "swiss"]
[EventRounds "10"]
[EventCountry "ESP"]
[SourceTitle "EXT 2014"]
[Source "ChessBase"]
[SourceDate "2013.11.20"]
[SourceVersion "1"]
[SourceVersionDate "2013.11.20"]
[SourceQuality "1"]

1. d4 Nf6 2. c4 g6 3. Nc3 Bg7 4. g3 d6 5. Bg2 0-0 6. Nf3 c5 7. d5 e6 8. 0-0 exd5 9. cxd5 Re8 10. Nd2 Na6 11. Nc4 Nc7 12. a4 b6 13. Re1 Ba6 14. Na3 Ng4 15. h3 Ne5 16. Ncb5 Bc8 17. f4 Nxb5 18. axb5 Nd7 19. Nc4 Qc7 20. e4 Bb7 21. Bd2 a6 22. Qb3 Bd4+ 23. Kh2 a5 24. Bc3 Rad8 25. Rad1 Bxc3 26. Qxc3 f6 27. h4 Re7 28. Bh3 Rde8 29. Be6+ Rxe6 30. dxe6 Rxe6 31. Qd3 f5 32. Nxd6 fxe4 33. Qc4 Nf8 34. Nxe4 Bxe4 35. Rxe4 Qf7 36. Rxe6 Nxe6 37. Rd6 Nd4 38. Qxf7+ Kxf7 39. Rxb6 1-0

[Event "Benidorm op U2000 11th"]
[Site "Benidorm"]
[Date "2012.12.04"]
[Round "5"]
[White "Vivanco Revuelta, Jesus Maria"]
[Black "Kaufmann Vazquez, David"]
[Result "0-1"]
[WhiteElo "1753"]
[BlackElo "1934"]
[PlyCount "74"]
[EventDate "2012.11.30"]
[EventType "swiss"]
[EventRounds "10"]
[EventCountry "ESP"]
[SourceTitle "EXT 2014"]
[Source "ChessBase"]
[SourceDate "2013.11.20"]
[SourceVersion "1"]
[SourceVersionDate "2013.11.20"]
[SourceQuality "1"]

1. d4 Nf6 2. Nf3 g6 3. Bf4 Bg7 4. e3 d6 5. Be2 0-0 6. Nbd2 c5 7. c3 Nc6 8. h3 Re8 9. dxc5 dxc5 10. e4 e5 11. Be3 Qe7 12. 0-0 Nh5 13. Nh2 Nf4 14. Bxf4 exf4 15. f3 h5 16. a4 Bf6 17. Nc4 Rd8 18. Qc2 Bh4 19. Rfd1 Be6 20. Rxd8+ Rxd8 21. Rd1 Rxd1+ 22. Qxd1 Qg5 23. Kh1 Bg3 24. Qf1 a6 25. Nd6 Qe7 26. Qd1 Qd7 27. b3 Kf8 28. Nc4 Qxd1+ 29. Bxd1 Bxc4 30. bxc4 Be1 31. Kg1 Bxc3 32. Kf2 Ke7 33. Ke2 Ke6 34. Nf1 Ke5 35. Kd3 Ba5 36. Nd2 Bxd2 37. Kxd2 Kd4 0-1